Primera crónica general de España
সংরক্ষণ করুন:
| প্রধান লেখক: | |
|---|---|
| বিন্যাস: | গ্রন্থ |
| ভাষা: | স্প্যানিশ |
| প্রকাশিত: |
Zaragoza
Ebro
1976
|
| সংস্করন: | 4a. ed |
| মালা: | Biblioteca Clásica Ebro. Clásicos Españoles, 46
|
| বিষয়গুলি: | |
| ট্যাগগুলো: |
ট্যাগ যুক্ত করুন
কোনো ট্যাগ নেই, প্রথমজন হিসাবে ট্যাগ করুন!
|
MARC
| LEADER | 00000nam a2200000 a 4500 | ||
|---|---|---|---|
| 001 | UCQ7227 | ||
| 003 | CL-VaPUC | ||
| 008 | 981031e19760000SP |||||||||||||||||spa|d | ||
| 082 | 0 | 4 | |a 946 |b ALF |2 21 |
| 100 | 0 | |a Alfonso X |e author |9 421104 | |
| 245 | 1 | 0 | |a Primera crónica general de España |
| 250 | |a 4a. ed | ||
| 300 | |a 131 p | ||
| 942 | |c BK | ||
| 945 | |d 19981031 00:00:00 |a lriquelm | ||
| 260 | |a Zaragoza |b Ebro |c 1976 | ||
| 650 | 0 | |a Historia |9 255047 | |
| 650 | 0 | |a Guerra |9 255876 | |
| 650 | 0 | |a Religión |9 255164 | |
| 650 | 7 | |a INVASION |2 CL-VaPUC |9 349838 | |
| 651 | 0 | |a España |9 254926 | |
| 583 | |a last modification |c 20190726 10:17:38 |k Rodrigo Vera | ||
| 490 | 0 | |a Biblioteca Clásica Ebro. Clásicos Españoles, 46 | |
| 999 | |c 276984 |d 276982 | ||
| 952 | |0 0 |1 0 |4 0 |6 946_000000000000000_ALF_1976 |7 0 |8 A |9 314635 |a BIBEDU |b BIBEDU |d 2019-11-20 |i 1479326 |o 946 ALF 1976 |p 1479326 |r 2019-11-20 |w 2019-11-20 |y BK |k LIT | ||